000 00361nam a2200109Ia 4500
008 160909s9999 xx 000 0 und d
100 _aShirke, Parth P.
245 _aHIPAA protected delivery across Internet
260 _bCalifornia State University, Long Beach.
_c2016
650 _aMASS COM
856 _uhttp://pqdtopen.proquest.com/doc/1802295362.html?FMT=ABS
999 _c304232
_d304232